000 00626nam a2200229Ia 4500
001 44057
005 20240114003613.0
007 ta
008 090219s1961 a g b000 u 903 u
040 _aCotton College,Assam
041 _a903
082 _a100
_bM 119 Ou
100 _aMackenzie, J. S .
245 0 _aOutlines of Social Philosophy /
_cJ. S Mackenzie.
_hTextual Documents
250 _a1st /
260 _aLondon :
_bGeorge Allen & Unwin ,
_c1961.
300 _a280p. :
_bThoroghly illustrated ;
_c23 cm. .
653 _aT/G-Philosophy
942 _2ddc
_cBK
999 _c44023
_d44023